[Event "XXVII C.to Italiano a squadre A2"]
[Site "ITA"]
[Date "1995.??.??"]
[Round "?"]
[White "Barletta, Mauro"]
[Black "Contin, Daniel"]
[Result "1-0"]
[WhiteElo "2230"]
[BlackElo "2390"]
[PlyCount "133"]
[EventDate "1995.??.??"]

1. d4 Nf6 2. Bg5 e6 3. e3 c5 4. Nf3 Qb6 5. Nbd2 d5 6. Rb1 cxd4 7. exd4 Nc6 8.
c3 Be7 9. Bd3 h6 10. Bf4 Nh5 11. Bg3 Nxg3 12. hxg3 Bd7 13. Qe2 a5 14. O-O a4
15. a3 h5 16. Rfe1 Kf8 17. Nf1 Bf6 18. N1h2 Re8 19. Ne5 Nxe5 20. dxe5 Be7 21.
Nf3 Rh6 22. Qd2 Kg8 23. Qf4 Rf8 24. Re2 Qd8 25. Rd1 g5 26. Qd2 Kg7 27. Nd4 g4
28. f4 h4 29. Re3 Rfh8 30. Qe2 Kf8 31. Qxg4 hxg3 32. Rxg3 Qb6 33. Qg7+ Ke8 34.
Rd2 Rh4 35. Rg4 Bf8 36. Qg5 R4h5 37. Qf6 R8h6 38. Rg6 Rh1+ 39. Kf2 Rxg6 40.
Bxg6 fxg6 41. Qxg6+ Kd8 42. f5 Be8 43. Qxe6 Bc5 44. Qxd5+ Kc7 45. Kg3 Kb8 46.
f6 Ka7 47. e6 Qc7+ 48. Kg4 Bh5+ 49. Qxh5 Bxd4 50. Qxh1 Be3 51. Rd4 Bxd4 52.
cxd4 Qc4 53. Qe1 Qxd4+ 54. Kf5 Qc5+ 55. Qe5 Qf2+ 56. Kg6 Qxg2+ 57. Kf7 b5 58.
Qxb5 Qh3 59. Qxa4+ Kb8 60. Qb5+ Ka7 61. Ke7 Qh7+ 62. f7 Qh4+ 63. Ke8 Qe4 64.
Qc5+ Ka6 65. Qd6+ Ka5 66. Qb4+ Ka6 67. Qxe4 1-0

[Event "XXVII C.to Italiano a squadre A2"]
[Site "ITA"]
[Date "1995.??.??"]
[Round "?"]
[White "Battisti, Eugenio"]
[Black "Santolini, Luigi"]
[Result "1-0"]
[WhiteElo "1900"]
[BlackElo "2240"]
[PlyCount "91"]
[EventDate "1995.??.??"]

1. e4 c6 2. d4 d5 3. Nd2 dxe4 4. Nxe4 Bf5 5. Ng3 Bg6 6. N1e2 Nf6 7. h4 h6 8.
Nf4 Bh7 9. c3 e6 10. Bc4 Bd6 11. Nfh5 Nxh5 12. Nxh5 Rg8 13. Bd3 Bxd3 14. Qxd3
f5 15. Bd2 Na6 16. O-O-O Qe7 17. Nf4 O-O-O 18. Qe2 Rge8 19. Nd3 Qc7 20. Rhe1 c5
21. Kb1 c4 22. Ne5 Bxe5 23. Qxe5 Qxe5 24. Rxe5 Rd5 25. Rde1 Nc7 26. Bf4 h5 27.
R5e3 Rg8 28. Bxc7 Kxc7 29. Rxe6 g5 30. Re7+ Rd7 31. hxg5 Rxg5 32. g3 f4 33.
R7e5 Rd5 34. gxf4 Rf5 35. Rh1 Kd6 36. Rh4 Rdxe5 37. dxe5+ Kd5 38. f3 b5 39. Kc2
a5 40. Kd2 Ke6 41. Ke3 Kd5 42. Rh1 Ke6 43. Ke4 b4 44. Rh4 bxc3 45. bxc3 a4 46.
Kd4 1-0

[Event "XXVII C.to Italiano a squadre A2"]
[Site "ITA"]
[Date "1995.??.??"]
[Round "?"]
[White "Beggi, Pierluigi"]
[Black "Leoncini, Mario"]
[Result "0-1"]
[WhiteElo "2220"]
[BlackElo "2185"]
[PlyCount "48"]
[EventDate "1995.??.??"]

1. d4 d5 2. c4 e6 3. Nc3 Nf6 4. Bg5 Be7 5. e3 O-O 6. Nf3 h6 7. Bh4 b6 8. Qc2
Bb7 9. Bxf6 Bxf6 10. cxd5 exd5 11. Be2 Nd7 12. Nb5 c5 13. O-O Qe7 14. Qf5 g6
15. Qf4 Bc6 16. Rfe1 c4 17. Nc3 Bg7 18. h4 b5 19. e4 dxe4 20. d5 Bxc3 21. dxc6
Bxe1 22. cxd7 exf3 23. Bxf3 Rad8 24. Qxh6 Rxd7 0-1

[Event "XXVII C.to Italiano a squadre A2"]
[Site "ITA"]
[Date "1995.??.??"]
[Round "?"]
[White "Bettalli, Marco"]
[Black "Manzardo, Bruno"]
[Result "0-1"]
[WhiteElo "2043"]
[BlackElo "2085"]
[PlyCount "58"]
[EventDate "1995.??.??"]

1. Nf3 d5 2. g3 g6 3. Bg2 Bg7 4. O-O e5 5. d3 Ne7 6. Nbd2 Nbc6 7. e4 dxe4 8.
dxe4 O-O 9. c3 Qd3 10. Ne1 Qa6 11. Nc2 Be6 12. Re1 b6 13. Bf1 Qb7 14. Ne3 Rad8
15. Qa4 a5 16. Nf3 h6 17. Nh4 Qc8 18. f4 exf4 19. gxf4 g5 20. fxg5 hxg5 21.
Nhf5 Nxf5 22. Nxf5 Bxf5 23. exf5 Ne5 24. Qe4 g4 25. Be2 Rfe8 26. Kh1 Nd3 27.
Qg2 Nxe1 28. Qxg4 Qb7+ 29. Kg1 Qe4 0-1

[Event "XXVII C.to Italiano a squadre A2"]
[Site "ITA"]
[Date "1995.??.??"]
[Round "?"]
[White "Blasco, Domenico"]
[Black "De Gregorio, Massimiliano"]
[Result "0-1"]
[WhiteElo "2100"]
[BlackElo "2140"]
[PlyCount "124"]
[EventDate "1995.??.??"]

1. d4 d6 2. e3 Nf6 3. Nf3 g6 4. c4 Bg7 5. Nc3 O-O 6. Be2 c5 7. O-O Nc6 8. d5
Nb4 9. e4 Bd7 10. a3 Na6 11. h3 Rb8 12. Bf4 Nc7 13. e5 Nfe8 14. Ne4 Bf5 15. Nc3
dxe5 16. Bxe5 Nd6 17. Bxg7 Kxg7 18. Ne5 f6 19. Ng4 Bxg4 20. hxg4 Qd7 21. Re1
Rf7 22. Qa4 Qxa4 23. Nxa4 b6 24. b4 Na6 25. Rab1 Re8 26. b5 Nb8 27. Bd3 Nd7 28.
f4 h6 29. Re3 Rg8 30. Rbe1 Kf8 31. Nb2 g5 32. f5 Ne5 33. Be2 h5 34. gxh5 Nxf5
35. Rc3 Nd6 36. a4 g4 37. a5 Rh8 38. axb6 axb6 39. Nd3 Rxh5 40. Nf4 Rh6 41.
Ne6+ Ke8 42. Ra1 Rfh7 43. Ra8+ Kf7 44. Rf8+ Kg6 45. Rb8 Rh1+ 46. Kf2 Ne4+ 47.
Ke3 Nxc3 48. Nf8+ Kf5 49. Nxh7 Rxh7 50. Bd3+ Nxd3 51. Kxd3 Ne4 52. Rxb6 Rh2 53.
Re6 Nd6 54. Re2 g3 55. b6 Rh4 56. Rxe7 Rd4+ 57. Ke2 Re4+ 58. Rxe4 Kxe4 59. Kd2
Kd4 60. Ke2 Kxc4 61. Kf3 Kxd5 62. Kxg3 Kc6 0-1

[Event "XXVII C.to Italiano a squadre A2"]
[Site "ITA"]
[Date "1995.??.??"]
[Round "?"]
[White "Bottini, Paolo"]
[Black "Silvetti, Antonio"]
[Result "0-1"]
[WhiteElo "1926"]
[BlackElo "1791"]
[PlyCount "96"]
[EventDate "1995.??.??"]

1. e4 c5 2. Nf3 d6 3. d4 cxd4 4. Nxd4 Nf6 5. Nc3 a6 6. f4 Qc7 7. Bd3 Bg4 8. Nf3
Nc6 9. h3 Bxf3 10. Qxf3 g6 11. Be3 Bg7 12. O-O O-O 13. a3 b5 14. Ne2 b4 15. c3
bxc3 16. Nxc3 e5 17. f5 Nd4 18. Bxd4 exd4 19. Ne2 Nd7 20. Qf2 Ne5 21. Nf4 Qb7
22. Qe2 Qb3 23. Bxa6 Bh6 24. Nd3 Rxa6 25. Nf4 Qe3+ 26. Qxe3 dxe3 27. Nd5 Nd3
28. Rf3 Nxb2 29. Nxe3 Bxe3+ 30. Rxe3 Nc4 31. Rc3 Ra4 32. Rac1 Nd2 33. fxg6 hxg6
34. Rg3 Nxe4 35. Rf3 Nc5 36. Rf6 Ne6 37. Rc6 Kg7 38. Rf2 d5 39. Rc3 Rfa8 40.
Ra2 d4 41. Rf3 R8a7 42. Kf2 Rc4 43. Ke2 Nc5 44. Kd2 d3 45. Re3 Rd7 46. Kd1 Ne4
47. Rb2 f5 48. Rb4 Nf2+ 0-1

[Event "XXVII C.to Italiano a squadre A2"]
[Site "ITA"]
[Date "1995.??.??"]
[Round "?"]
[White "Braunberger, Federico"]
[Black "Piantoni, Roberto"]
[Result "1/2-1/2"]
[WhiteElo "2090"]
[BlackElo "2067"]
[PlyCount "71"]
[EventDate "1995.??.??"]

1. Nf3 Nf6 2. b3 g6 3. Bb2 Bg7 4. e3 d6 5. Be2 O-O 6. O-O Nbd7 7. c4 c6 8. d3
e5 9. Nbd2 h6 10. Qc2 Re8 11. a4 a5 12. Ba3 Nb8 13. Ne4 Bf8 14. Nfd2 Na6 15. f4
Nxe4 16. dxe4 Qb6 17. Rf3 exf4 18. Bb2 fxe3 19. Nf1 Bg4 20. Rxe3 Bxe2 21. Qxe2
Rxe4 22. Kh1 Rxe3 23. Nxe3 Re8 24. Re1 Qxb3 25. Qf2 Bg7 26. Bxg7 Kxg7 27. Nf5+
Kf8 28. Rxe8+ Kxe8 29. Qe2+ Kd8 30. Qe7+ Kc8 31. Nxd6+ Kb8 32. Qd8+ Ka7 33.
Nc8+ Kb8 34. Nb6+ Ka7 35. Nc8+ Ka8 36. Nb6+ 1/2-1/2

[Event "XXVII C.to Italiano a squadre A2"]
[Site "ITA"]
[Date "1995.??.??"]
[Round "?"]
[White "Bresciani, Nicola"]
[Black "Barletta, Mauro"]
[Result "1/2-1/2"]
[WhiteElo "2315"]
[BlackElo "2230"]
[PlyCount "79"]
[EventDate "1995.??.??"]

1. e4 c5 2. Nf3 d6 3. d4 cxd4 4. Nxd4 Nf6 5. Nc3 Nc6 6. Be2 e5 7. Nf3 h6 8. O-O
Be7 9. Re1 O-O 10. h3 Be6 11. Bf1 Qa5 12. Bd2 Qd8 13. a4 Na5 14. b3 Rc8 15. Na2
Nc6 16. c4 Nh7 17. Nb4 Ng5 18. Nxg5 Bxg5 19. Nxc6 bxc6 20. b4 Qf6 21. Ra3 Rfd8
22. Bxg5 Qxg5 23. Qc1 Qxc1 24. Rxc1 Kf8 25. Rac3 Ke7 26. b5 Kd7 27. c5 dxc5 28.
Rxc5 cxb5 29. Bxb5+ Ke7 30. Rc7+ Kf6 31. Kh2 a5 32. f3 g6 33. R1c6 Rxc7 34.
Rxc7 Ra8 35. h4 g5 36. hxg5+ Kxg5 37. Kg3 h5 38. Rc5 h4+ 39. Kf2 Kf4 40. Be2
1/2-1/2

[Event "XXVII C.to Italiano a squadre A2"]
[Site "ITA"]
[Date "1995.??.??"]
[Round "?"]
[White "Bresciani, Nicola"]
[Black "Berg, Daniel"]
[Result "1-0"]
[WhiteElo "2315"]
[BlackElo "2295"]
[PlyCount "53"]
[EventDate "1995.??.??"]

1. e4 d6 2. d4 Nf6 3. Nc3 g6 4. h3 Bg7 5. Nf3 O-O 6. Be3 Nc6 7. Bc4 Nxe4 8.
Bxf7+ Rxf7 9. Nxe4 d5 10. Nc5 e5 11. dxe5 Nxe5 12. Nxe5 Bxe5 13. Nd3 Bg7 14.
O-O d4 15. Bf4 Qd5 16. Qd2 b6 17. Rfe1 Bb7 18. f3 c5 19. Be5 Raf8 20. Bxg7 Kxg7
21. Ne5 Re7 22. Ng4 Ref7 23. Re5 Qd6 24. Rae1 Bc8 25. Nh6 Rc7 26. Qg5 Rf6 27.
Re8 1-0

[Event "XXVII C.to Italiano a squadre A2"]
[Site "ITA"]
[Date "1995.??.??"]
[Round "?"]
[White "Bresciani, Nicola"]
[Black "Mantovani, Renzo"]
[Result "1-0"]
[WhiteElo "2315"]
[BlackElo "2370"]
[PlyCount "33"]
[EventDate "1995.??.??"]

1. e4 c5 2. Nf3 d6 3. d4 cxd4 4. Nxd4 Nf6 5. Nc3 Nc6 6. Be2 g6 7. Be3 Bg7 8. h4
h5 9. f3 Qb6 10. Nf5 Qxb2 11. Nxg7+ Kf8 12. Na4 Qa3 13. c3 Nxe4 14. fxe4 b5 15.
Bxb5 Bg4 16. Qd5 Kxg7 17. Bxc6 1-0

[Event "XXVII C.to Italiano a squadre A2"]
[Site "ITA"]
[Date "1995.??.??"]
[Round "?"]
[White "Burlando, Alessandro"]
[Black "Gabetto, Flaviano"]
[Result "1-0"]
[WhiteElo "2112"]
[BlackElo "2155"]
[PlyCount "59"]
[EventDate "1995.??.??"]

1. d4 Nf6 2. c4 c5 3. d5 b5 4. Nf3 Bb7 5. Qb3 Qb6 6. Nc3 b4 7. Na4 Qc7 8. Qc2
g6 9. b3 Bg7 10. Bb2 d6 11. e4 Nbd7 12. Bd3 O-O 13. O-O e5 14. dxe6 fxe6 15.
Ng5 Rae8 16. f4 e5 17. f5 gxf5 18. exf5 e4 19. Be2 Ne5 20. Ne6 Rxe6 21. fxe6
Re8 22. Bxe5 dxe5 23. Qd2 Rxe6 24. Rad1 Re8 25. Qd6 Qf7 26. Rf5 Qg6 27. Rxe5
Rxe5 28. Qxe5 Nd7 29. Qc7 Bd4+ 30. Kh1 1-0

[Event "XXVII C.to Italiano a squadre A2"]
[Site "ITA"]
[Date "1995.??.??"]
[Round "?"]
[White "Caposciutti, Maurizio"]
[Black "Molina, Fabrizio"]
[Result "1-0"]
[WhiteElo "2325"]
[BlackElo "2143"]
[PlyCount "65"]
[EventDate "1995.??.??"]

1. e4 e6 2. d4 d5 3. Nc3 Nc6 4. Nf3 Nf6 5. e5 Ne4 6. Bd3 Bb4 7. Bd2 Nxd2 8.
Qxd2 f6 9. a3 Be7 10. O-O-O fxe5 11. dxe5 O-O 12. Kb1 Bd7 13. h4 Be8 14. Ng5
Bxg5 15. hxg5 Bg6 16. Bxg6 hxg6 17. f4 Ne7 18. g3 Kf7 19. Qf2 Qd7 20. g4 a6 21.
Ne4 Rh8 22. f5 exf5 23. Nc5 Rxh1 24. Rxh1 Qc6 25. e6+ Kf8 26. Rh8+ Ng8 27. gxf5
gxf5 28. Qxf5+ Ke7 29. Rxg8 Rxg8 30. Qf7+ Kd6 31. Qxg8 Kxc5 32. Qf8+ Kb6 33. e7
1-0

[Event "XXVII C.to Italiano a squadre A2"]
[Site "ITA"]
[Date "1995.??.??"]
[Round "?"]
[White "Ciampi, Vincenzo"]
[Black "D'Angelo, Angelo"]
[Result "0-1"]
[WhiteElo "2170"]
[BlackElo "2255"]
[PlyCount "62"]
[EventDate "1995.??.??"]

1. d4 Nf6 2. Nf3 g6 3. Bg5 Bg7 4. Nbd2 d5 5. e3 O-O 6. Bd3 c5 7. c3 Nc6 8. O-O
Qb6 9. Rb1 e5 10. dxe5 Ng4 11. Qa4 Ncxe5 12. Nxe5 Nxe5 13. Bc2 f6 14. Bf4 Bd7
15. Qb3 Qc6 16. e4 c4 17. Qa3 Nd3 18. Bxd3 cxd3 19. exd5 Qxd5 20. Rfe1 Qf5 21.
Bg3 Bc6 22. Rbd1 Bh6 23. f3 Rfe8 24. Nc4 Re2 25. Rxe2 dxe2 26. Re1 Qd3 27. Nd6
Bd2 28. Rxe2 Qxe2 29. Qb3+ Kh8 30. h3 Be3+ 31. Kh2 Bxf3 0-1

[Event "XXVII C.to Italiano a squadre A2"]
[Site "ITA"]
[Date "1995.??.??"]
[Round "?"]
[White "Ciampi, Vincenzo"]
[Black "Laketic, Gojko"]
[Result "0-1"]
[WhiteElo "2170"]
[BlackElo "2390"]
[PlyCount "62"]
[EventDate "1995.??.??"]

1. d4 Nf6 2. Nf3 e6 3. c4 b6 4. g3 Bb7 5. Bg2 Be7 6. O-O O-O 7. Nc3 Ne4 8. Qc2
Nxc3 9. Qxc3 c5 10. dxc5 bxc5 11. Bf4 d6 12. Rad1 Qc7 13. Rfe1 Nc6 14. Qc2 h6
15. e4 e5 16. Bc1 f5 17. a4 Rfe8 18. Be3 Rab8 19. Nd2 Qb6 20. b3 Nd4 21. Bxd4
cxd4 22. Rb1 Ba6 23. Qd3 Bg5 24. Nf3 Qc5 25. h4 Be7 26. Rec1 Rb7 27. Ne1 Reb8
28. Nc2 Bxc4 29. Qf3 Rxb3 30. Rxb3 Rxb3 31. Qh5 Rc3 0-1

[Event "XXVII C.to Italiano a squadre A2"]
[Site "ITA"]
[Date "1995.??.??"]
[Round "?"]
[White "Cimmino, Pietro"]
[Black "Rossi, Paolo"]
[Result "1-0"]
[WhiteElo "2073"]
[BlackElo "2041"]
[PlyCount "30"]
[EventDate "1995.??.??"]

1. e4 e5 2. Nf3 Nc6 3. Bc4 Nf6 4. d4 exd4 5. e5 d5 6. Bb5 Ne4 7. Nxd4 Bd7 8.
Bxc6 bxc6 9. O-O Bc5 10. c3 O-O 11. f3 Ng5 12. f4 f6 13. exf6 Ne4 14. fxg7 Rf7
15. Nd2 Nd6 1-0

[Event "XXVII C.to Italiano a squadre A2"]
[Site "ITA"]
[Date "1995.??.??"]
[Round "?"]
[White "Cimmino, Pietro"]
[Black "Rupeni, Franco"]
[Result "0-1"]
[WhiteElo "2073"]
[BlackElo "2240"]
[PlyCount "66"]
[EventDate "1995.??.??"]

1. e4 e5 2. Nf3 Nc6 3. Bb5 a6 4. Ba4 Nf6 5. O-O b5 6. Bb3 Bb7 7. Ng5 d5 8. exd5
Nd4 9. Nc3 b4 10. Ba4+ Nd7 11. Nce4 Bxd5 12. d3 Be7 13. Qh5 h6 14. c3 g6 15.
Qd1 hxg5 16. Bxd7+ Qxd7 17. cxd4 Bxe4 18. dxe4 exd4 19. f4 d3 20. Rf3 Rd8 21.
Be3 gxf4 22. Bxf4 O-O 23. Qd2 Bf6 24. Kh1 c5 25. Bh6 Bg7 26. Bxg7 Kxg7 27. Raf1
Qd4 28. Qf4 Rd7 29. Rh3 Rh8 30. Rxh8 Kxh8 31. Qb8+ Kg7 32. Qe8 d2 33. Rd1 c4
0-1

[Event "XXVII C.to Italiano a squadre A2"]
[Site "ITA"]
[Date "1995.??.??"]
[Round "?"]
[White "Colombo, Paolo"]
[Black "Wagman, Stuart"]
[Result "0-1"]
[WhiteElo "2195"]
[BlackElo "2215"]
[PlyCount "36"]
[EventDate "1995.??.??"]

1. Nf3 d5 2. d4 Nf6 3. e3 Bg4 4. c4 dxc4 5. Bxc4 e6 6. Qb3 Bxf3 7. gxf3 Nbd7 8.
Qxb7 c5 9. Nc3 cxd4 10. exd4 Be7 11. Bf4 O-O 12. O-O-O Rc8 13. Ba6 Rxc3+ 14.
bxc3 Qa5 15. Kd2 Nd5 16. Qxd7 Qxc3+ 17. Ke2 Nxf4+ 18. Kf1 Qxf3 0-1

[Event "XXVII C.to Italiano a squadre A2"]
[Site "ITA"]
[Date "1995.??.??"]
[Round "?"]
[White "Contin, Daniel"]
[Black "Rivello, Roberto"]
[Result "0-1"]
[WhiteElo "2390"]
[BlackElo "2265"]
[PlyCount "80"]
[EventDate "1995.??.??"]

1. c4 g6 2. Nc3 Bg7 3. g3 e5 4. Bg2 Ne7 5. d3 O-O 6. h4 h5 7. Nh3 d6 8. Bg5 f6
9. Bd2 c6 10. e4 Na6 11. Be3 Be6 12. Qd2 Kh7 13. b3 d5 14. exd5 cxd5 15. d4
exd4 16. Bxd4 dxc4 17. Nf4 Bf5 18. Bxb7 Nb4 19. O-O Rb8 20. Be4 Nbc6 21. Rfd1
Bxe4 22. Nxe4 Qxd4 23. Qxd4 Nxd4 24. Rxd4 f5 25. Ng5+ Kg8 26. Re1 Bxd4 27. Rxe7
c3 28. Nge6 c2 29. Nd3 Bf6 30. Rd7 Rfc8 31. Nc7 Be5 32. Nd5 c1=Q+ 33. Kh2 Qa1
34. Ne7+ Kf7 35. Nxc8+ Ke8 36. Re7+ Kd8 37. Nxe5 Rxc8 38. Re6 Rc2 39. Kg2 Qxa2
40. Nd3 Qxb3 0-1

[Event "XXVII C.to Italiano a squadre A2"]
[Site "ITA"]
[Date "1995.??.??"]
[Round "?"]
[White "Corso, Sergio"]
[Black "Facchetti, Gianni"]
[Result "1-0"]
[WhiteElo "2089"]
[BlackElo "2202"]
[PlyCount "79"]
[EventDate "1995.??.??"]

1. d4 Nf6 2. Nf3 d6 3. c4 Nbd7 4. Nc3 e5 5. g3 Be7 6. Bg2 c6 7. O-O Qc7 8. e4
Nf8 9. h3 Ng6 10. Be3 h5 11. Re1 h4 12. g4 Bd7 13. b4 b6 14. a4 c5 15. dxe5
dxe5 16. g5 Nh5 17. Nd5 Qc6 18. a5 Rb8 19. axb6 axb6 20. Ra7 Bd8 21. Qa1 f6 22.
Rd1 Rb7 23. bxc5 bxc5 24. Rxb7 Qxb7 25. Bxc5 Nhf4 26. Qa3 Kf7 27. Kh2 fxg5 28.
Bf1 Bf6 29. Qa7 Qxa7 30. Bxa7 Bc6 31. c5 Ra8 32. Bc4 Kf8 33. Ra1 Bd8 34. Nd2
Ne7 35. Nb6 Bxb6 36. cxb6 Bb7 37. Ba6 Bxa6 38. Rxa6 Rd8 39. b7 Nd3 40. b8=Q 1-0

[Event "XXVII C.to Italiano a squadre A2"]
[Site "ITA"]
[Date "1995.??.??"]
[Round "?"]
[White "Corso, Sergio"]
[Black "Nurkic, Sahbaz"]
[Result "0-1"]
[WhiteElo "2089"]
[BlackElo "2450"]
[PlyCount "96"]
[EventDate "1995.??.??"]

1. d4 g6 2. c4 Bg7 3. g3 Nf6 4. Bg2 O-O 5. Nf3 d6 6. O-O Nc6 7. Nc3 e5 8. d5
Ne7 9. c5 Ne8 10. cxd6 cxd6 11. Nd2 f5 12. f4 e4 13. Nc4 Bd7 14. Ne3 b5 15. a3
a5 16. Qb3 Qb6 17. Kh1 Nc7 18. Bd2 Bd4 19. Ncd1 a4 20. Qa2 Be8 21. Nc2 Bg7 22.
Be3 Qb7 23. Bd4 Bf7 24. Bxg7 Kxg7 25. b4 Ncxd5 26. Qb2+ Kg8 27. e3 Rac8 28. Rf2
Nb6 29. Bf1 Bc4 30. Nd4 Bxf1 31. Ne6 Rf7 32. Rxf1 Nc4 33. Qd4 Qd5 34. Qxd5 Nxd5
35. Re1 Nd2 36. Nd4 Nb3 37. Nxb3 axb3 38. Rb1 Ra7 39. Rxb3 Rc1 40. Kg1 Ra1 41.
Kf2 R7xa3 42. Rb2 R3a2 43. Rxa2 Rxa2+ 44. Re2 Ra1 45. Rd2 Nxb4 46. Rxd6 Nd3+
47. Ke2 Ra2+ 48. Kf1 b4 0-1

[Event "XXVII C.to Italiano a squadre A2"]
[Site "ITA"]
[Date "1995.??.??"]
[Round "?"]
[White "Costantino, Giampaolo"]
[Black "Gorelli Fagiolini, Marco"]
[Result "0-1"]
[WhiteElo "1995"]
[BlackElo "2008"]
[PlyCount "92"]
[EventDate "1995.??.??"]

1. d4 Nf6 2. c4 g6 3. Nc3 d5 4. Nf3 Bg7 5. e3 O-O 6. Qb3 e6 7. Bd2 b6 8. Be2
Bb7 9. c5 Nbd7 10. Rc1 c6 11. O-O Ne4 12. Rfd1 Rb8 13. cxb6 axb6 14. Nxe4 dxe4
15. Ne5 Nxe5 16. dxe5 Qc7 17. Bc3 Bxe5 18. Bxe5 Qxe5 19. Qxb6 Ba8 20. Qd4 Qxd4
21. Rxd4 Rxb2 22. Bc4 c5 23. Rd7 Rc8 24. g4 Bc6 25. Rd6 Rc7 26. Kg2 Kf8 27. Bb3
Ke7 28. Rdd1 Bb5 29. Rb1 Rxb1 30. Rxb1 Bd3 31. Rc1 c4 32. Kg3 Kd6 33. Ba4 g5
34. f3 exf3 35. Kxf3 Ke5 36. Bb5 f5 37. gxf5 exf5 38. h3 h5 39. a4 g4+ 40. hxg4
hxg4+ 41. Kf2 Kd5 42. Kg3 Ke4 43. Kf2 g3+ 44. Kxg3 Kxe3 45. Re1+ Be2 46. a5 f4+
0-1

[Event "XXVII C.to Italiano a squadre A2"]
[Site "ITA"]
[Date "1995.??.??"]
[Round "?"]
[White "Crispi, Guido"]
[Black "Lagrotteria, Salvatore"]
[Result "1/2-1/2"]
[WhiteElo "2005"]
[BlackElo "2180"]
[PlyCount "146"]
[EventDate "1995.??.??"]

1. d4 d5 2. c4 e6 3. Nc3 Nf6 4. cxd5 exd5 5. Bg5 Be7 6. e3 c6 7. Bd3 O-O 8. Qc2
Nbd7 9. Nge2 Re8 10. O-O Nf8 11. Rab1 Ne4 12. Bxe7 Qxe7 13. Bxe4 dxe4 14. Ng3
f5 15. f3 exf3 16. Rxf3 Ng6 17. e4 fxe4 18. Ncxe4 Be6 19. Re1 Qb4 20. Qf2 Bxa2
21. Rfe3 Rf8 22. Nf5 Kh8 23. Ng5 Bg8 24. Ne6 Bxe6 25. Rxe6 Kg8 26. Qf3 Rf6 27.
Re8+ Rxe8 28. Rxe8+ Rf8 29. Re2 Qb5 30. g4 Qc4 31. h4 Qc1+ 32. Kh2 h6 33. h5
Qf4+ 34. Qxf4 Nxf4 35. Re7 Rf7 36. Re8+ Kh7 37. Ra8 a6 38. Kg1 Nd5 39. Rb8 Nf6
40. Ne3 Rd7 41. Kf1 a5 42. Ke2 Rxd4 43. Rxb7 Nxg4 44. Nf5 Rb4 45. Rxg7+ Kh8 46.
Ra7 Rxb2+ 47. Kf3 Ne5+ 48. Kf4 Nd3+ 49. Ke3 Ne5 50. Kf4 Rb5 51. Ra8+ Kh7 52.
Ra7+ Kh8 53. Ra8+ Kh7 54. Ra7+ Kg8 55. Nxh6+ Kf8 56. Nf5 Rd5 57. h6 Nf7 58. h7
Rd8 59. Rxa5 Nh8 60. Ra7 Nf7 61. Rc7 Ra8 62. Rxc6 Ra4+ 63. Kg3 Ra3+ 64. Kh4
Ra4+ 65. Kh5 Ra8 66. Rc7 Rb8 67. Ra7 Re8 68. Kg6 Nh8+ 69. Kf6 Rc8 70. Ke6 Re8+
71. Kf6 Rc8 72. Nd6 Rb8 73. Rc7 Rd8 1/2-1/2

[Event "XXVII C.to Italiano a squadre A2"]
[Site "ITA"]
[Date "1995.??.??"]
[Round "?"]
[White "D'Angelo, Angelo"]
[Black "Laketic, Gojko"]
[Result "1/2-1/2"]
[WhiteElo "2255"]
[BlackElo "2390"]
[PlyCount "77"]
[EventDate "1995.??.??"]

1. e4 Nf6 2. e5 Nd5 3. d4 d6 4. Nf3 Nb6 5. a4 a5 6. Bb5+ c6 7. Be2 dxe5 8. Nxe5
g6 9. O-O Bg7 10. Bf4 O-O 11. Nc3 Na6 12. Re1 Bf5 13. Bf3 Nb4 14. Be4 Be6 15.
Bf3 Bf5 16. Be4 N6d5 17. Nxd5 Nxd5 18. Bxf5 Nxf4 19. Be4 Bxe5 20. dxe5 Qxd1 21.
Raxd1 Rfd8 22. Kf1 Ne6 23. c3 Nc5 24. Bc2 Rd5 25. Rxd5 cxd5 26. Rd1 e6 27. Rd4
Rc8 28. Ke2 Kf8 29. Ke3 Nd7 30. f4 Nb6 31. Bd3 h6 32. Bb5 Ke7 33. Kd3 Rg8 34.
Ke3 g5 35. g3 Nc8 36. Kd3 Nb6 37. Ke3 Nc8 38. Bd3 Nb6 39. Bb5 1/2-1/2

[Event "XXVII C.to Italiano a squadre A2"]
[Site "ITA"]
[Date "1995.??.??"]
[Round "?"]
[White "De Barberis, Massimo"]
[Black "Beggi, Pierluigi"]
[Result "1-0"]
[WhiteElo "2140"]
[BlackElo "2220"]
[PlyCount "60"]
[EventDate "1995.??.??"]

1. e4 c5 2. Nf3 d6 3. c3 Nf6 4. Bb5+ Bd7 5. Qe2 Bxb5 6. Qxb5+ Qd7 7. Qe2 e5 8.
d4 Nc6 9. dxc5 dxc5 10. Bg5 Be7 11. O-O Rd8 12. Na3 O-O 13. Nc4 Qg4 14. Rfe1
Qe6 15. a4 h6 16. Bxf6 Bxf6 17. Ne3 Bg5 18. Nxg5 hxg5 19. Red1 Ne7 20. Rxd8
Rxd8 21. Rd1 Rd7 22. h3 b6 23. Nc4 Ng6 24. Rxd7 Qxd7 25. Qg4 Qxa4 26. Nd6 Qc2
27. Nxf7 Kxf7 28. Qf5+ Kg8 29. Qxg6 Qc1+ 30. Kh2 Qf4+ 1-0

[Event "XXVII C.to Italiano a squadre A2"]
[Site "ITA"]
[Date "1995.??.??"]
[Round "?"]
[White "De Poi, Paolo"]
[Black "Santolini, Luigi"]
[Result "1-0"]
[WhiteElo "2089"]
[BlackElo "2240"]
[PlyCount "73"]
[EventDate "1995.??.??"]

1. e4 c6 2. d4 d5 3. f3 g6 4. Nc3 Bg7 5. Be3 b6 6. Qd2 Ba6 7. Bxa6 Nxa6 8. Nge2
e6 9. O-O Ne7 10. Bh6 O-O 11. Bxg7 Kxg7 12. e5 c5 13. Kh1 Nf5 14. dxc5 bxc5 15.
g4 Ne7 16. Ng3 Rb8 17. f4 f5 18. exf6+ Rxf6 19. f5 Rxb2 20. fxg6 Rxg6 21. Nh5+
Kg8 22. Nf4 Nb4 23. Nxg6 Nxg6 24. Rac1 Nxa2 25. Nxa2 Rxa2 26. Qf2 Qe7 27. Rb1
Ra4 28. Rb8+ Kg7 29. Rfb1 Qd6 30. g5 Nf4 31. Qh4 Kg6 32. Rg8+ Kf5 33. Qxh7+ Kg4
34. Rh8 Qe5 35. Qh4+ Kf3 36. Qg3+ Ke2 37. Qe1+ 1-0

[Event "XXVII C.to Italiano a squadre A2"]
[Site "ITA"]
[Date "1995.??.??"]
[Round "?"]
[White "De Vita, Gianni"]
[Black "De Gregorio, Massimiliano"]
[Result "1-0"]
[WhiteElo "1880"]
[BlackElo "2140"]
[PlyCount "49"]
[EventDate "1995.??.??"]

1. e4 c5 2. c3 d5 3. exd5 Qxd5 4. d4 Nc6 5. Nf3 cxd4 6. cxd4 Bg4 7. Nc3 Bxf3 8.
gxf3 Qxd4 9. Qxd4 Nxd4 10. Nb5 e5 11. Nc7+ Kd8 12. Nxa8 Bb4+ 13. Bd2 Nxf3+ 14.
Ke2 Nd4+ 15. Kd3 Bxd2 16. Kxd2 Ne7 17. Rc1 Nec6 18. b4 Ne6 19. b5 Ncd4 20. b6
Ke7 21. Nc7 Rd8 22. Nxe6 Kxe6 23. Bc4+ Kf5 24. Ke3 axb6 25. Bxf7 1-0

[Event "XXVII C.to Italiano a squadre A2"]
[Site "ITA"]
[Date "1995.??.??"]
[Round "?"]
[White "Demeo, Antonio"]
[Black "Alaimo, Riccardo"]
[Result "1-0"]
[WhiteElo "1732"]
[BlackElo "1903"]
[PlyCount "93"]
[EventDate "1995.??.??"]

1. e4 c5 2. Nf3 d6 3. d4 cxd4 4. Nxd4 Nf6 5. Nc3 a6 6. Be2 e5 7. Nb3 Be7 8. O-O
O-O 9. Be3 Be6 10. f4 Qc7 11. f5 Bc4 12. Bxc4 Qxc4 13. Nd2 Qc6 14. Qf3 Nbd7 15.
Rac1 Nb6 16. Kh1 d5 17. Bxb6 dxe4 18. Qe3 Nd7 19. Ba5 b6 20. Bxb6 Nxb6 21.
Ndxe4 Nc4 22. Qg3 f6 23. b3 Nb6 24. Rcd1 Rfd8 25. Qf3 Bb4 26. Rd3 Rxd3 27. Qxd3
Rc8 28. Qxa6 Bxc3 29. Nxc3 Qxc3 30. Qxb6 Qxc2 31. a4 Rc3 32. Qd8+ Kf7 33. Qd7+
Kf8 34. b4 Rd3 35. Qb5 Rd1 36. a5 Qb1 37. Qc5+ Kf7 38. Rxd1 Qxd1+ 39. Qg1 Qd7
40. Qf1 Qd4 41. b5 e4 42. a6 Qc5 43. b6 Qxb6 44. Qc4+ Ke7 45. Qe6+ Qxe6 46.
fxe6 e3 47. Kg1 1-0

[Event "XXVII C.to Italiano a squadre A2"]
[Site "ITA"]
[Date "1995.??.??"]
[Round "?"]
[White "Demeo, Antonio"]
[Black "Scerbo, Antonio"]
[Result "0-1"]
[WhiteElo "1732"]
[BlackElo "1989"]
[PlyCount "66"]
[EventDate "1995.??.??"]

1. e4 c5 2. Nf3 Nc6 3. d4 cxd4 4. Nxd4 Nf6 5. Nc3 e5 6. Ndb5 d6 7. Bg5 a6 8.
Bxf6 gxf6 9. Na3 b5 10. Nd5 f5 11. Bd3 Be6 12. Ne3 f4 13. Nd5 Bg7 14. c3 O-O
15. Nc2 Qg5 16. Bf1 Rac8 17. Qd3 f5 18. Ncb4 fxe4 19. Qxe4 Bf5 20. Qf3 Nxb4 21.
Nxb4 e4 22. Qd1 Rxc3 23. h4 Qh6 24. Nd5 Rc5 25. Ne7+ Kh8 26. Nxf5 Rfxf5 27. Rb1
Rfd5 28. Qe2 f3 29. Qe3 Qg6 30. g3 Bh6 31. Qb3 Bd2+ 32. Kd1 Ba5+ 33. Qxd5 Rxd5+
0-1